Women and rural development in the third World (Record no. 22879)

MARC details
000 -LEADER
fixed length control field 00527nam a2200157Ia 4500
082 ## - DEWEY DECIMAL CLASSIFICATION NUMBER
Classification number 307.1412082 ACH-;
100 ## - MAIN ENTRY--AUTHOR NAME
Personal name Acharya, Sarthi
245 #0 - TITLE STATEMENT
Title Women and rural development in the third World
260 ## - PUBLICATION, DISTRIBUTION, ETC. (IMPRINT)
Place of publication Bombay
Name of publisher Tata Institute of Social sciences
Year of publication 1987
300 ## - PHYSICAL DESCRIPTION
Number of Pages 91p.
440 ## - SERIES STATEMENT/ADDED ENTRY--TITLE
Title Tiss Series ; 60
650 ## - SUBJECT ADDED ENTRY--TOPICAL TERM
Topical Term Women in development - Developing countries
650 ## - SUBJECT ADDED ENTRY--TOPICAL TERM
Topical Term Rural development - Sociological aspects - Developing countries
650 ## - SUBJECT ADDED ENTRY--TOPICAL TERM
Topical Term Women in rural development - Developing countries
942 ## - ADDED ENTRY ELEMENTS (KOHA)
Koha item type Books
Holdings
Withdrawn status Lost status Damaged status Not for loan Home library Current library Date acquired Bill Date Full call number Accession Number Price effective from Koha item type
        NASSDOC Library NASSDOC Library 08/06/2004 2004-10-22 307.1412082 ACH-; 27052 18/04/2019 Books